Most Forested Countries - Statistics

General Stats
  • This quiz has been taken 74 times
  • The average score is 10 of 24
Answer Stats
% Answer % Correct
72.0 Finland
86%
69.0 Sweden
83%
65.7 Republic of the Congo
64%
90.2 Suriname
63%
70.3 Guyana
59%
63.6 Myanmar
59%
71.6 Laos
56%
63.6 Papua New Guinea
51%
70.5 Bhutan
46%
85.0 Gabon
44%
67.0 Japan
44%
73.0 North Korea
42%
63.2 South Korea
42%
79.1 Solomon Islands
34%
62.0 Slovenia
32%
89.1 Tuvalu
32%
78.0 Mozambique
29%
87.2 Palau
29%
89.7 Federated States of Micronesia
27%
65.0 Dominica
24%
66.4 Zimbabwe
19%
72.0 Belize
17%
89.5 Seychelles
15%
63.0 Bosnia and Herzegovina
14%
No matching quizzes found
Score Distribution
Percent of People with Each Score
Percentile by Number Answered
Your Score History
You have not taken this quiz